Southville International School and Colleges
Your cart is empty.
  • Cart
  • Lists
    Public lists Eva Luna New books Lux_list list_1
    Your lists Log in to create your own lists
  • Log in to your account
  • Your cookies
  • Search history
Southville International School and Colleges
  • Advanced search
  • Recent comments
  • Most popular
  • Libraries

Log in to your account

Log in with GOOGLE


If you do not have an external account, but do have a local account, you can still log in:

  1. Home
  2. MARC view: Configuring SAP ERP Financials and controlling. /
Normal view MARC view ISBD view

Configuring SAP ERP Financials and controlling. / (Record no. 24233)

[ view plain ]
MARC details
000 -LEADER
fixed length control field 00578nam a2200205 a 4500
005 - DATE AND TIME OF LATEST TRANSACTION
control field 20140310183513.0
008 - FIXED-LENGTH DATA ELEMENTS--GENERAL INFORMATION
fixed length control field 101106s19uu xx 00 eng d
020 ## - INTERNATIONAL STANDARD BOOK NUMBER
International Standard Book Number 9780470423288
050 ## - LIBRARY OF CONGRESS CALL NUMBER
Classification number HF 5679
Item number .J635 2009
100 ## - MAIN ENTRY--PERSONAL NAME
Personal name Jones, Peter
245 ## - TITLE STATEMENT
Title Configuring SAP ERP Financials and controlling. /
260 ## - PUBLICATION, DISTRIBUTION, ETC. (IMPRINT)
Place of publication, distribution, etc Canada :
Name of publisher, distributor, etc Wiley Pub., Inc,
Date of publication, distribution, etc 2009.
300 ## - PHYSICAL DESCRIPTION
Extent 934 p.:
Other physical details ill. ;
Dimensions 26 cm.
521 ## - TARGET AUDIENCE NOTE
Target audience note
650 ## - SUBJECT ADDED ENTRY--TOPICAL TERM
Topical term or geographic name as entry element Accounting-computer programs.
650 ## - SUBJECT ADDED ENTRY--TOPICAL TERM
Topical term or geographic name as entry element Accounting-data processing.
650 ## - SUBJECT ADDED ENTRY--TOPICAL TERM
Topical term or geographic name as entry element Investments.
942 ## - ADDED ENTRY ELEMENTS (KOHA)
Koha item type Books
Source of classification or shelving scheme Library of Congress Classification
Call number prefix Foreign
Holdings
Withdrawn status Lost status Source of classification or shelving scheme Damaged status Home library Current library Shelving location Date acquired Source of acquisition Total Checkouts Full call number Barcode Date last seen Copy number Price effective from Koha item type
    Library of Congress Classification   College Library College Library General Circulation Section 01/09/2014 Donation   HF 5679 .J635 2009 C11651 05/15/2018 1 01/09/2014 Books

Configuring SAP ERP Financials and controlling. /

APA

Jones P., . (2009). Configuring SAP ERP Financials and controlling. Canada: Wiley Pub., Inc.

Chicago

Jones Peter, . 2009. Configuring SAP ERP Financials and controlling. Canada: Wiley Pub., Inc.

Harvard

Jones P., . (2009). Configuring SAP ERP Financials and controlling. Canada: Wiley Pub., Inc.

MLA

Jones Peter, . Configuring SAP ERP Financials and controlling. Canada: Wiley Pub., Inc. 2009.

  • Place hold
  • Print
  • Cite
  • Add to your cart (remove)
  • Save record
    BIBTEX Dublin Core MARCXML MARC (non-Unicode/MARC-8) MARC (Unicode/UTF-8) MARC (Unicode/UTF-8, Standard) MODS (XML) RIS
  • More searches
    Search for this title in:
    Other Libraries (WorldCat) Other Databases (Google Scholar) Online Stores (Bookfinder.com) Open Library (openlibrary.org)

Exporting to Dublin Core...

SOUTHVILLE LIBRARY

Southville International School and Colleges Library

1281 Tropical Ave. Cor. Luxembourg St., BF Homes International, Las Pinas City

Tel. No. 8256374 / 252358 Loc. 117/146

Powered by Koha